Normal view
MARC view
- De Nevers, Noel,
Entry Personal Name
001 - CONTROL NUMBER
- control field: 20705
003 - CONTROL NUMBER IDENTIFIER
- control field: NUST
005 - DATE AND TIME OF LATEST TRANSACTION
- control field: 20190916052140.0
008 - FIXED-LENGTH DATA ELEMENTS
- fixed length control field: 190916|| aca||aabn | a|a d
040 ## - CATALOGING SOURCE
- Original cataloging agency: NUST
- Transcribing agency: NUST
100 ## - HEADING--PERSONAL NAME
- Personal name: De Nevers, Noel,
670 ## - SOURCE DATA FOUND
- Source citation: Work cat.: (NUST): De Nevers, Noel,, Air pollution control engineering /, c1995.
